| 000 | 01473nam a2200253Ia 4500 | ||
|---|---|---|---|
| 003 | Ost | ||
| 005 | 20260507074848.0 | ||
| 008 | 260507s9999||||xx |||||||||||||| ||und|| | ||
| 020 | _a9789947266229 | ||
| 040 | _cfsecg | ||
| 041 | _aara | ||
| 082 | _a657.46 | ||
| 100 |
_aصديقي، مسعود _eمؤلف |
||
| 245 | 0 |
_aالمحاسبة المالية : _bطبقا للنظام المحاسبي المالي الجزائري / _c مسعود صديقي |
|
| 260 |
_aالجزائر: _bدار الهدى للطباعة والنشر والتوزيع, _c2014 |
||
| 300 |
_a192 صفحة؛ _bإيضاحات ؛ _c24 سم |
||
| 504 | _aبيبليوغرافيا: ص.186 | ||
| 520 | _aالأساس النظري للمحاسبة المالية :نظام المعلومات المحاسبية -الإيطار التصوري للمحاسبة -الهيئات الدولية للمحاسبة -مبادئ المحاسبة -المعايير المحاسبية الدولية IAS/IFRS -الأساس التطبيقي للنظام المحاسبي المالي :حسابات رأس المال -حسابات الأصول الثابتة -حسابات المخزونات -حسابات الغير -الحسابات المالية | ||
| 653 | _aالمالية العامة- محاسبة | ||
| 653 | _aالمحاسبة التحليلية | ||
| 700 |
_aبن مالك، محمد حسان _eمؤلف ثانوي |
||
| 700 |
_aبوقفة، علاء _eمؤلف ثانوي |
||
| 942 | _cكتاب | ||
| 999 |
_c41543 _d41543 |
||